Reingeniería administrativa y funcional del área de informática de UCOSEMUN R.L

El presente estudio tiene como fin brindar herramienta básica para la gestión de la función de informática de UCOSEMUN R.L, el trabajo desarrolla un estudio de reingeniería administrativa y funcional en el área de informática, esto permitirá un desarrollo efectivo de sus procesos y goza de b...

Full description

Bibliographic Details
Main Authors: Lanuza García, Reynaldo José, Rodríguez Merlo, Melkin Alberto. ít.
Other Authors: Tutor: Martínez Zúniga, Leonel Antonio
Format: Tesis Section = Libro
Language:Undetermined
Spanish
Published: Managua UNI/RUACS 2013
Subjects:
LEADER 01194nam a2200253Ia 4500
008 240830s9999 xx 000 0 und d
040 |a BIBLIOTECA-RUPAP Mon 658.404 L296 
041 |a spa 
082 |a Mon 658.404 L296 
100 1 |a Lanuza García, Reynaldo José 
100 1 |b Rodríguez Merlo, Melkin Alberto. ít. 
245 1 0 |a Reingeniería administrativa y funcional del área de informática de UCOSEMUN R.L 
260 |a Managua  |b UNI/RUACS  |c 2013 
300 |a 232 p. :il. 
500 |a Contiene: anexos e Incluye: CD. 
502 |a Tesis (Ingeniero de Sistemas)- UNI, 2013. 
520 3 |a El presente estudio tiene como fin brindar herramienta básica para la gestión de la función de informática de UCOSEMUN R.L, el trabajo desarrolla un estudio de reingeniería administrativa y funcional en el área de informática, esto permitirá un desarrollo efectivo de sus procesos y goza de beneficios que traigan conocimiento a la empresa. 
650 7 |a REINGENIERÍA ADMINISTRATIVA 
650 7 |b ADMINISTRACIÓN DE PROYECTOS 
650 7 |c ANÁLISIS DE FODA. 
700 1 |a Tutor:  |b Martínez Zúniga, Leonel Antonio 
942 |c BK  |2 ddc 
991 |a TESIS 
999 |c 17358